ბათუმის შოთა რუსთაველის სახელმწიფო უნივერსიტეტის ბიბლიოთეკა

Технология нефтехимического синтеза. (ბიბ.ჩანაწერი № 38256)

000 -LEADER
fixed length control field 00784nam a2200241Ia 4500
001 - CONTROL NUMBER
control field 4246
003 - CONTROL NUMBER IDENTIFIER
control field GE_BSU
008 - FIXED-LENGTH DATA ELEMENTS--GENERAL INFORMATION
fixed length control field 181216s||||||||xx |||||||||||||| ||und||
040 ## - CATALOGING SOURCE
Transcribing agency GE_BSU
080 ## - UNIVERSAL DECIMAL CLASSIFICATION NUMBER
Universal Decimal Classification number 665.71(075.8)
100 ## - MAIN ENTRY--PERSONAL NAME
Personal name Адельсон,С.В. Вишнякова,Т.П. Паушкин, Я.М.
245 ## - TITLE STATEMENT
Title Технология нефтехимического синтеза.
245 ## - TITLE STATEMENT
Remainder of title Учеб. для вузов
245 ## - TITLE STATEMENT
Statement of responsibility, etc. Ред. И.М.Черникова, А.А.Рогайлина.
250 ## - EDITION STATEMENT
Edition statement 2-е изд. перераб.
260 ## - PUBLICATION, DISTRIBUTION, ETC.
Place of publication, distribution, etc. М.
260 ## - PUBLICATION, DISTRIBUTION, ETC.
Name of publisher, distributor, etc. Химия.
260 ## - PUBLICATION, DISTRIBUTION, ETC.
Date of publication, distribution, etc. 1985.
300 ## - PHYSICAL DESCRIPTION
Extent 608стр. 21см. илл.
300 ## - PHYSICAL DESCRIPTION
Accompanying material табл.
653 ## - INDEX TERM--UNCONTROLLED
Uncontrolled term Технология нефтехимического синтеза.
942 ## - ADDED ENTRY ELEMENTS (KOHA)
Koha item type წიგნი
ეგზემპლარები
Withdrawn status Lost status Damaged status Not for loan Date acquired Barcode Date last seen Price effective from Koha item type Public note
        2018-12-17 9530 2018-12-17 2018-12-17 წიგნი საცავი